Les plus gros achats du football en Premier League #1 - Statistiques

Statistiques générales
  • Ce quiz a été pris 61 fois
  • Le résultat moyen est 8 sur 10
Statistiques - réponses
Rang Saison Montant Allant à Joueurs % Correct
#3 2023-2024 116,6 millions Arsenal Declan Rice
89%
#1 2022-2023 121 millions Chelsea Enzo Fernandez
89%
#2 2021-2022 117,5 millions Manchester City Jack Grealish
86%
#4 2023-2024 116 millions Chelsea Moisés Caicedo
82%
#6 2016-2017 105 millions Manchester United Paul Pogba
79%
#10 2022-2023 85 millions Liverpool Darwin Nunez
70%
#9 2019-2020 87 millions Manchester United Harry Maguire
70%
#7 2022-2023 95 millions Manchester United Antony
66%
#8 2023-2024 90 millions Manchester City Josko Gvardiol
66%
#5 2021-2022 113 millions Chelsea Romelu Lukaku
57%
Aucun quiz correspondant
Distribution des résultats
% des personnes avec chaque résultat
Percentile par nombre de réponses
Votre historique - résultats
Vous n’avez pas pris ce quiz